Days That Shook The World : Disc - 6 (Record no. 60835)

MARC details
000 -LEADER
fixed length control field 00318nam a2200121Ia 4500
008 - FIXED-LENGTH DATA ELEMENTS--GENERAL INFORMATION
fixed length control field 221007s9999 xx 000 0 und d
041 ## - LANGUAGE CODE
Language code of text/sound track or separate title eng
082 ## - DEWEY DECIMAL CLASSIFICATION NUMBER
Item number BBC
100 ## - MAIN ENTRY--PERSONAL NAME
Personal name BBC Worldwide Ltd.
9 (RLIN) 96457
245 ## - TITLE STATEMENT
Title Days That Shook The World : Disc - 6
260 ## - PUBLICATION, DISTRIBUTION, ETC. (IMPRINT)
Date of publication, distribution, etc. 2010
Name of publisher, distributor, etc. Saregama India Ltd.
Place of publication, distribution, etc. Kolkata
906 ## - LOCAL DATA ELEMENT F, LDF (RLIN)
b General
Holdings
Withdrawn status Lost status Damaged status Not for loan Home library Current library Date acquired Vendor Bill number Total Checkouts Full call number Barcode Date last seen Bill Date Koha item type Original Barcode
        Smt. Hiraben Nanavati Institute of Management & Research for Women Smt. Hiraben Nanavati Institute of Management & Research for Women 05/02/2011 Dream Beckons Educational Books 18345   BBC HIMR-AV-1291 07/10/2022 24/01/2011 Video Casset AV1291